[Event "ESP-ch U12 rapid"]
[Site "Salobrena"]
[Date "2023.07.16"]
[Round "6"]
[White "Alonso Novas, Mateo"]
[Black "Munoz Dodim, Jordi"]
[Result "1-0"]
[WhiteElo "1170"]
[BlackElo "1312"]
[PlyCount "79"]
[EventDate "2023.07.15"]
[EventType "swiss (rapid)"]
[EventRounds "9"]
[EventCountry "ESP"]
[SourceTitle "EXT 2024"]
[Source "ChessBase"]
[SourceDate "2023.10.10"]
[SourceVersion "1"]
[SourceVersionDate "2023.10.10"]
[SourceQuality "1"]

1. e4 e5 2. Nf3 Nc6 3. Nc3 Nf6 4. d4 exd4 5. Nxd4 d6 6. Nxc6 bxc6 7. Bd3 Be7 8. 0-0 0-0 9. h3 Bb7 10. Bg5 h6 11. Bh4 Re8 12. Qf3 a6 13. Rae1 c5 14. Bc4 Qd7 15. Bxf6 Bxf6 16. Bd5 c6 17. Bb3 a5 18. a3 Bxc3 19. Qxc3 a4 20. Ba2 Ba6 21. Bc4 Bb5 22. Bxb5 cxb5 23. Rd1 Rxe4 24. Qxc5 dxc5 25. Rxd7 Re2 26. Rc1 Re4 27. Rc7 b4 28. Rxc5 bxa3 29. bxa3 Rb8 30. Rd1 Re2 31. Rc7 Rbe8 32. Rdd7 Rf8 33. c4 Ra2 34. Rd3 Re8 35. Rf3 f6 36. c5 Rc2 37. Rg3 g5 38. Rd3 Re1+ 39. Kh2 Rxf2 40. Rd8+ 1-0